| 000 | 00750nam a2200241 a 4500 | ||
|---|---|---|---|
| 999 |
_c7588 _d7588 |
||
| 001 | 7588 | ||
| 003 | BD-JhCC | ||
| 005 | 20180212091344.0 | ||
| 008 | 180212s1995 bg a|||| ||a| 000 0 be d | ||
| 020 | _a984073265 | ||
| 035 | _a(BD-JhCC)7588 | ||
| 040 |
_aBD-JhCC _dBD-JhCC |
||
| 041 | _aben | ||
| 082 |
_a582 _bRAY 1995 |
||
| 100 | _aরায়,শ্যামল কুমার . | ||
| 245 |
_aসাধারণ উদ্ভিদবিজ্ঞান / _cশ্যামল কুমার রায়. |
||
| 260 |
_aঢাকা : _bবাংলা একাডেমী ; _c1995. |
||
| 300 |
_a347 p. : _bill ; _c22 cm |
||
| 651 | _aBotany | ||
| 700 | _aপাল,নিশীথ কুমার | ||
| 942 |
_2lcc _cBK |
||